| 000 | 00998cam a22003253a 4500 | ||
|---|---|---|---|
| 001 | 16404628 | ||
| 003 | OSt | ||
| 005 | 20140310181958.0 | ||
| 008 | 960822s1996 nyu j 000 1 eng d | ||
| 010 | _a 97810703 | ||
| 020 |
_a0553484907 (pbk.) : _c$3.99 |
||
| 035 | _a(OCoLC)ocm35290636 | ||
| 040 |
_aEOW _cEOW _dOCL _dDLC |
||
| 050 | 0 | 0 |
_aPZ 7 _b.St877 1996 |
| 082 |
_aKF _bSt7gs 1996 |
||
| 100 | 1 |
_aStone, Tom B. _94899 |
|
| 245 | 1 | 4 |
_aThe tragic school bus / _cTom B. Stone. |
| 260 |
_aNew York : _bBantam Books, _cc1996. |
||
| 300 |
_a118 p. ; _c20 cm. |
||
| 490 | 1 |
_aGraveyard School ; _v14 |
|
| 500 | _a"A Skylark book." | ||
| 541 | _j1 | ||
| 562 | _eFor circulation. 1 copy in the collection | ||
| 650 |
_aFiction _9746 |
||
| 655 | 7 |
_aHorror fiction. _2gsafd _93405 |
|
| 655 | 7 |
_aChildren's stories. _2lcsh _93012 |
|
| 710 | 2 |
_aCopyright Paperback Collection (Library of Congress) _5DLC _9705 |
|
| 906 |
_a7 _bcbc _ccopycat _d2 _encip _f19 _gy-genrareb |
||
| 942 |
_2lcc _cBK-KF _kKF |
||
| 999 |
_c7970 _d7970 |
||